Social work in a multi-racial society /
El documento presenta un análisis de las diferentes razas humanas en la sociedad, los conflictos sociales y en el trabajo social, así como las ideologías de las diferentes razas, tradiciones y costumbres.
Guardado en:
| Autor principal: | |
|---|---|
| Otros Autores: | |
| Formato: | Texto |
| Lenguaje: | Spanish |
| Publicado: |
Aldershot:
Gower Publishing Company Limited
1987
|
| Materias: | |
| Etiquetas: |
Agregar Etiqueta
Sin Etiquetas, Sea el primero en etiquetar este registro!
|
MARC
| LEADER | 00000 a a2200000 04500 | ||
|---|---|---|---|
| 001 | 34395 | ||
| 003 | cru CIDCACS/IIS | ||
| 005 | 20230707101347.0 | ||
| 008 | 230508e 1987enk||||| |||| 00| 0 spa d | ||
| 020 | |a 0 566 00939 0 | ||
| 040 | |c CRAI/IIS | ||
| 090 | |a 02.02.01 E525s | ||
| 100 | |a Ely, Peter | ||
| 245 | |a Social work in a multi-racial society / |c Peter Ely | ||
| 260 | |a Aldershot: |b Gower Publishing Company Limited |c 1987 | ||
| 300 | |a 231 páginas | ||
| 520 | |a El documento presenta un análisis de las diferentes razas humanas en la sociedad, los conflictos sociales y en el trabajo social, así como las ideologías de las diferentes razas, tradiciones y costumbres. | ||
| 650 | 0 | |9 6964 |a RAZA | |
| 650 | 0 | |9 850 |a TRABAJO SOCIAL | |
| 650 | 0 | |9 4727 |a COSTUMBRES | |
| 650 | 0 | |9 26 |a SOCIEDAD | |
| 650 | 0 | |9 8471 |a MULTICULTURALISMO | |
| 700 | |a Denney, David | ||
| 942 | |2 ddc |c LI |h 02.02.01 E525s |i 00500 |6 020201_E525S_00500 | ||
| 999 | |c 12458 |d 12458 | ||
